| 000 | 00595nam a22001575i 4500 | ||
|---|---|---|---|
| 001 | 163677 | ||
| 003 | ES-MaACL | ||
| 005 | 20230906212804.0 | ||
| 008 | 050719s1881 ag | |||||||| ||spa d | ||
| 040 |
_aCAM _bspa _cCAM |
||
| 100 | 1 |
_aRocha, Dardo. _9131909 |
|
| 245 | 1 | 0 |
_aDiscurso del doctor Dardo Racho al recibirse del gobierno de la provincia ante la Asamblea General Lejislativa [sic] _b: mayo 1ยบ de 1881. |
| 260 |
_aBuenos Aires : _b[s.n.], _c1881 ( _fImprenta de El Nacional) |
||
| 300 |
_a31 p. ; _c24 cm. |
||
| 852 |
_aES-MaACL _jT-506-F-12 _z-- Enc. hol. _z-- Enc. en un vol. facticio |
||
| 999 |
_c163677 _d163677 |
||